00759nam a22002057a 4500999001900000005001700019010001500036020002700051035001400078037001300092082001100105245010700116260004500223270006600268300002700334500002200361700001900383942002500402952012600427 c157143d15714320180918113329.0 aENG-123987 a9780199480654c1495.00 aEN-107519 bDBAD/PUB a378.54 aThe future of indian universities :ced. by C. Raj Kumarbcomparative and international perspectives / aNew DelhibOxford University Pressc2017 bNew Delhie110002a2/11 Ground Floor, Ansari Road, Daryaganj, axxxiv,482pc22cm.(Hb.) aIt includes index a Raj Kumar, C. 2ddccENh378.54mFUR 001040718NFICaDBADbBL1d2018-09-07eDBAD/PUBg1495.00l0o378.54 FURpEN-170519r2018-09-07 00:00:00t1v1495.00yEN